000 00346nam a2200133Ia 4500
008 230917s9999||||xx |||||||||||||| ||und||
040 _e172834
_aMAIN
041 _aEnglish
082 _a346.0432 P969P
245 0 _aPunjab security of land tenures act, 1953
260 _aChandigarh
_bJain General House
_c1980
300 _a28 p.
942 _cBK
999 _c203681
_d203681